Del garañón catalán : divulgación agrícola divulgación agrícola
Descripción Física:
39 p., [8] p. de làm. ; 22 cm
Materias:
Ases -- Catalunya
MARC
| LEADER | 00000nam a2200000Ia 4500 | ||
|---|---|---|---|
| 001 | 8475 | ||
| 008 | 160829s1945 xx 000 0 cat d | ||
| 080 | |a FU-8-70 | ||
| 245 | |a Del garañón catalán : |b divulgación agrícola | ||
| 260 | |a Barcelona : |b Diputación Provincial de Barcelona. Servicios Técnicos de Agricultura, |c 1945 | ||
| 300 | |a 39 p., [8] p. de làm. ; |c 22 cm | ||
| 490 | |a Publicaciones divulgadoras de los Servicios Técnicos de Agricultura ; 10 | ||
| 650 | |a Ases |x Catalunya |9 21870 | ||
| 710 | 1 | |a Barcelona (Catalunya : Província). |b Servicios Técnicos de Agricultura |9 54614 | |
| 856 | 4 | |u https://media.diba.cat/diba/fitxers/arxiu/fulletons/bib_8475_baixa.pdf |y Accés lliure | |
| 856 | 4 | |u https://media.diba.cat/diba/fitxers/arxiu/fulletons/bib_8475_baixa.pdf |y Accés lliure | |
| 901 | |a Arxiu | ||
| 942 | |n 1 |2 udc | ||
| 952 | |0 0 |1 0 |4 0 |6 FU870 |7 1 |9 41889 |a Arxiu |b Arxiu |d 2016-12-01 |l 0 |o FU-8-70 |p 8475 |r 2016-12-01 00:00:00 |w 2016-12-01 |y ARXIU | ||
| 999 | |c 44336 |d 44336 | ||
| 900 | |a bib_8475_baixa.pdf | ||